[Event "Canadian op U1600"]
[Site "Toronto"]
[Date "1983.07.14"]
[Round "7"]
[White "Flores, Alfonso"]
[Black "McIntyre, John"]
[Result "0-1"]
[WhiteElo "1426"]
[BlackElo "1535"]
[PlyCount "60"]
[EventDate "1983.07.09"]
[EventType "swiss"]
[EventRounds "10"]
[EventCountry "CAN"]
[SourceTitle "EXT 2022"]
[Source "ChessBase"]
[SourceDate "2021.10.06"]
[SourceVersion "1"]
[SourceVersionDate "2021.10.06"]
[SourceQuality "1"]

1. f4 Nf6 2. Nf3 d5 3. e3 Bg4 4. b3 Nc6 5. Bb5 Qd7 6. d3 0-0-0 7. Nbd2 Qd6 8. Bxc6 Qxc6 9. h3 Bxf3 10. Nxf3 e6 11. Ne5 Qe8 12. a4 Bd6 13. Bb2 Bb4+ 14. c3 Bd6 15. 0-0 Nd7 16. d4 Nf6 17. a5 Ne4 18. b4 f6 19. Nd3 Rg8 20. Nc5 Bxc5 21. dxc5 a6 22. Qd3 g5 23. fxg5 Rxg5 24. c4 Qg6 25. Qc2 Rg8 26. g4 Rxg4+ 27. hxg4 Qxg4+ 28. Kh1 Qh3+ 29. Qh2 Ng3+ 30. Kg1 Nxf1+ 0-1